000 00588nam a2200205Ia 4500
005 20250923145842.0
008 008 250917s9999 xx 000 0 eng d
037 _aTextual
040 _aDSWL
_beng
_cDSWL
041 _aeng
_2eng
084 _aY:4375.25-Z, N90
_qDSWL
100 _aPandey, G.
_9839587
245 4 _aThe construction of communalism in colonial North India
_c by G. Pandey
260 _aDelhi
_bOxford
_c1990
300 _axvi,297p.
365 _aINR
_b250.00
925 _g250.00
942 _cTEXL
_hY:4375.25-Z, N90
999 _c1456502
_d1456502